[Event "Paleochora op 9th"]
[Site "Paleochora"]
[Date "2016.07.25"]
[Round "7"]
[White "Rocchi, Federico"]
[Black "Markidis, Konstantinos"]
[Result "0-1"]
[WhiteElo "1940"]
[BlackElo "2359"]
[PlyCount "84"]
[EventDate "2016.07.20"]
[EventType "swiss"]
[EventRounds "9"]
[EventCountry "GRE"]
[SourceTitle "EXT 2017"]
[Source "ChessBase"]
[SourceDate "2016.10.25"]
[SourceVersion "1"]
[SourceVersionDate "2016.10.25"]
[SourceQuality "1"]

1. c4 e6 2. g3 Nf6 3. Bg2 d5 4. Nf3 d4 5. 0-0 c5 6. d3 Nc6 7. e4 Be7 8. Bf4 Nd7 9. Na3 a6 10. Rb1 e5 11. Bd2 0-0 12. Nc2 b5 13. b4 bxc4 14. dxc4 cxb4 15. Bxb4 Nc5 16. Bxc5 Bxc5 17. Nfe1 Be6 18. Nd3 Be7 19. c5 Qc7 20. Ncb4 Nxb4 21. Rxb4 Bxc5 22. Qc2 Rfc8 23. Rc1 Bxb4 24. Qxc7 Rxc7 25. Rxc7 a5 26. Rb7 Bd6 27. a4 Kf8 28. f4 f6 29. Rb6 Ke7 30. Rb7+ Kf8 31. Rb6 Ke7 32. Rb7+ Ke8 33. Kf2 Bd7 34. fxe5 fxe5 35. Ke2 Kd8 36. Nb2 Kc8 37. Rb3 Be6 38. Rb5 Kc7 39. Kd3 Bd7 40. Rb3 Bb4 41. Bf1 Rf8 42. Ke2 Bg4+ 0-1

[Event "Paleochora op 7th"]
[Site "Paleochora"]
[Date "2014.07.22"]
[Round "2"]
[White "Jens, Jelmer"]
[Black "Rocchi, Federico"]
[Result "1/2-1/2"]
[WhiteElo "2394"]
[BlackElo "1908"]
[PlyCount "114"]
[EventDate "2014.07.21"]
[EventType "swiss"]
[EventRounds "9"]
[EventCountry "GRE"]
[SourceTitle "CBM 161 Extra"]
[Source "ChessBase"]
[SourceDate "2014.08.29"]
[SourceVersion "1"]
[SourceVersionDate "2014.08.29"]
[SourceQuality "1"]

1. e4 g6 2. d4 Bg7 3. Nc3 c5 4. Nge2 cxd4 5. Nxd4 Nc6 6. Be3 d6 7. Qd2 Nf6 8. f3 0-0 9. Bc4 d5 10. exd5 Na5 11. Bb3 Nxb3 12. Nxb3 e6 13. d6 Nd5 14. Nxd5 exd5 15. 0-0-0 Be6 16. Bh6 Qxd6 17. h4 Qe5 18. Bxg7 Qxg7 19. h5 g5 20. h6 Qg6 21. f4 Bg4 22. Rde1 gxf4 23. Qxf4 Rac8 24. Nd4 Rfe8 25. Re5 Rxe5 26. Qxe5 Rd8 27. Qe7 Rc8 28. Qxb7 Qe4 29. c3 Qe3+ 30. Kb1 Qe4+ 31. Ka1 Re8 32. a3 Qxg2 33. Rb1 Bh5 34. Qd7 Qe4 35. Rg1+ Bg6 36. Nf5 Qe5 37. Nd6 Rf8 38. Nb5 Qe3 39. Qxa7 Qxa7 40. Nxa7 f5 41. Nc6 f4 42. Ne7+ Kf7 43. Nxd5 Ke6 44. c4 f3 45. Re1+ Kd6 46. Rd1 Ke5 47. Ne3 Ke4 48. Ng4 Kf4 49. Rd4+ Kg3 50. c5 Rf4 51. Rxf4 Kxf4 52. Nf2 Kg3 53. Nd1 Bc2 54. Ne3 Be4 55. b4 f2 56. Kb2 Kf3 57. Nf1 Ke2 1/2-1/2

[Event "Paleochora op 4th"]
[Site "Paleochora"]
[Date "2011.07.20"]
[Round "1"]
[White "Rocchi, Federico"]
[Black "Ernst, Sipke"]
[Result "0-1"]
[WhiteElo "1917"]
[BlackElo "2600"]
[PlyCount "146"]
[EventDate "2011.07.20"]
[EventType "swiss"]
[EventRounds "9"]
[EventCountry "GRE"]
[SourceTitle "CBM 143 Extra"]
[Source "ChessBase"]
[SourceDate "2011.08.29"]
[SourceVersion "1"]
[SourceVersionDate "2011.08.29"]
[SourceQuality "1"]

1. c4 c6 2. Nc3 d5 3. cxd5 cxd5 4. d4 Nf6 5. Nf3 Nc6 6. h3 Ne4 7. e3 g6 8. Bd3 Nxc3 9. bxc3 Bg7 10. 0-0 0-0 11. Bd2 Be6 12. Qa4 Rc8 13. Rac1 Qd7 14. Ng5 Bf5 15. e4 dxe4 16. Nxe4 b6 17. Rfe1 Rfd8 18. Bf1 Na5 19. Qxd7 Rxd7 20. Bf4 Nc4 21. g4 Be6 22. a4 Bd5 23. Nd2 e6 24. Ra1 h6 25. Nxc4 Bxc4 26. Bd2 Bxf1 27. Kxf1 Rd5 28. Ra2 Rc4 29. f4 h5 30. Ke2 Kf8 31. Kd3 Rc8 32. Ke4 Ke7 33. g5 Kd7 34. Rb1 Kc6 35. Rb5 a6 36. Rb1 Kb7 37. Rab2 Rc6 38. Ra2 Bf8 39. Kd3 Rd8 40. Ke4 Bd6 41. Rb3 Bc7 42. Rb4 Kc8 43. Rb3 Rd5 44. Rb1 Kd7 45. Kd3 Rf5 46. Ke4 Kd6 47. Ra3 Rc4 48. Ra2 Ra5 49. Rba1 Rf5 50. Rb1 Kc6 51. Rba1 Kd6 52. Rb1 Bd8 53. Rba1 Ke7 54. Kd3 Rc8 55. Ke4 Bc7 56. Rb1 Rf8 57. Rf1 f6 58. gxf6+ R5xf6 59. Be3 Rf5 60. Raf2 R8f6 61. Rb2 Kd7 62. Rbf2 Kc6 63. Rb2 Rf7 64. Rg2 g5 65. Rgf2 gxf4 66. Bxf4 Bxf4 67. Rxf4 Rxf4+ 68. Rxf4 Rxf4+ 69. Kxf4 Kd5 70. Ke3 Kc4 71. Kd2 Kb3 72. Kd3 Kxa4 73. c4 Kb4 0-1